Ancient Egypt: by George Rawlinson with the collaboration of Arthur Gilman/

محفوظ في:

المؤلف الرئيسي: Rawlinson, George . (مؤلف)

التنسيق: كتاب

اللغة: Undetermined

منشور في: London, New York: Fisher Unwin G. P. Putnam's Sons , 1920.

الموضوعات:

الوسوم: إضافة وسم

لا توجد وسوم, كن أول من يضع وسما على هذه التسجيلة!

رقم الطلب: DT83.R27 1920

LEADER 00714nam a2200181Ia 4500
008 211223s9999||||xx |||||||||||||| ||und||
050 4 |a DT83.R27 1920 
100 1 |a Rawlinson, George .  |e author. 
245 1 0 |a Ancient Egypt:  |b by George Rawlinson with the collaboration of Arthur Gilman/  |c George Rawlinson. 
264 1 |a London, New York:  |b Fisher Unwin G. P. Putnam's Sons ,  |c 1920. 
300 |a 408 p.: 
336 |a text  |b txt  |2 rdacontent 
337 |a unmediated  |b n  |2 rdamedia 
338 |a volume  |b nc  |2 rdacarrier 
650 1 4 |a Egypt History. 
942 |2 lcc  |c BK 
952 |0 0  |1 0  |2 lcc  |4 0  |6 DT0083 R27 01920  |7 1  |9 31735  |a ARCE  |b ARCE  |d 2022-01-25  |l 0  |o DT83.R27 1920  |p 1001580  |r 2022-01-25 00:00:00  |w 2022-01-25  |y BK 
999 |c 40962  |d 40962